00622nam a2200181 i 4500001000700000003000900007005001700016008004100033040003000074100003900104245006300143260005100206300002100257490002500278650001400303830002500317852009800342160562ES-MaACL20240131063033.0990219s1894 sp |||| | spa d aCCPB | B bspa cCCPB | B1 aNavarro Reverter, Juan,d1844-192413aLa verdad de un presupuesto / cpor Juan Navarro Reverter. aMadrid : b[s.n.], c1894 (fRomero, impresor) a85 p. ; c17 cm.1 aEstudios financieros 4aFinanzas.0 aEstudios financieros aES-MaACLjT-878-F-6 z-- Enc. hol. conservando la cub. original z-- Enc. en un vol. facticio